LEADER 00888nam a2200253 i 4500 001 000000086056 003 CaOOAMICUS 005 20250729125131.0 008 180830s1991 xx u000 u und u 013 $a58296 020 $a88-11-66291-5 040 $aSeMil$bita 100 1 $aPotok, Chaim,$d<1929-2002>.$0(OLS)http://semarc/name/30598 245 13$aIl mio nome è Asher Lev. 260 $aMilano :$bGarzanti,$c1991. 300 $a317 p. 490 0 $aNarratori moderni 830 0$aNarratori moderni.$0(OLS)http://semarc/title/7202 850 $aSeMil 852 $aSeMil$W1$xVenegono$y1$m60 38 3 *$j49845$B49845$CSeMilBibl$Z2$F53655 $81 996 $6020$a88-11-66291-5$9(OLS)http://semarc/number/66336 996 $6245$aIl mio nome è Asher Lev$9(OLS)http://semarc/title/132481 996 $6260$aMilano :$bGarzanti$9(OLS)http://semarc/publisher/29852 LEADER 01128nam a2200265 i 4500 001 000000115927 003 CaOOAMICUS 005 20050929000000.0 008 050929s1992 it u000 u ita u 013 $a88616 020 $a88-317-5714-8 040 $aSeMil$bita 245 10$aPiero e Urbino, Piero e le Corti rinascimentali /$ca cura di Paolo Dal Poggetto. 260 $aVenezia :$bMarsilio,$c1992. 300 $a534 p. :$briccamente ill. ;$c29 cm. 500 $aCatalogo della Mostra tenuta ad Arezzo nel 1992. - Fondo Ciprandi. 650 4$aPiero : della Francesca - Opere - Esposizioni - 1992.$0(OLS)http://semarc/subject/21298 700 1 $aDal Poggetto, Paolo.$0(OLS)http://semarc/name/48432 850 $aSeMil 852 $aSeMil$W1$xVenegono$y1$m5J XVI 39$j71419$B71419$CSeMilBibl$Z2$F103625 $8I 941 1 $a1 961 $aOmaggio: Ciprandi dott. Paolo 996 $6020$a88-317-5714-8$9(OLS)http://semarc/number/99870 996 $6245$aPiero e Urbino, Piero e le Corti rinascimentali$9(OLS)http://semarc/title/169889 996 $6260$aVenezia :$bMarsilio$9(OLS)http://semarc/publisher/30231